000
00346nam a22001457a 4500
020
_a
978-0-19562816-6
041
_a
ENG
100
_a
Gohchengleong
245
_a
Certificate Physical And Human Geography
250
_a
New Editioon
260
_a
Malaysia
_b
Oxford India
_c
2015
300
_a
192
650
_a
UPSC
856
_u
Competitive Exam
999
_c
204
_d
204